01565cam a2200337 a 45000010009000000050017000090080041000260100017000670200018000840400013001020410018001150420015001330820018001481000026001662450096001922460024002882600179003123000041004915000074005325000196006065040041008025460046008436000040008896000031009296000020009606500096009807000033010767000021011097100057011307100040011871671554720220326193324.0110331s2010 sz a bc s000 0 eng  a 2011356379 a9783775724593 aDLCcDLC0 aengaspaapor alcodeapcc a708bD 541any1 aDias, Antonio,d1944-10aAntonio Dias :banywhere is my land /c[curated by Hans-Michael Herzog and Katrin Steffen].30aAnywhere is my land aZürich, Switzerland :bDaros ;aOstfildern, Germany :bHatje Cantz ;a[São Paulo, Brazil] :bPinocoteca do Estado de São Paulo, Governo do Estado de São Paulo,c2010. a187 p. :bill. (some col.) ;c26 cm. a"Setembro 11- Novembro 7, 2010, Pinacoteca do Estado de São Paulo." a"First published in conjunction with the exhibition at the Daros Museum, Zürich, this catalogue is a reprint produced for the exhibition at the Pinacoteca do Estado de São Paulo"--P. 194. aIncludes bibliographical references. aText in English, Portuguese, and Spanish.10aDias, Antonio,d1944-vExhibitions.10aHerzog, Hans-Michaeld195610aSteffen, Katrin xArte modernoxSao Paulo. Pinacoteca do EstadoxDaros-Latinoamerica (Art Collection)zBrasil1 aHerzog, Hans-Michael,d1956-1 aSteffen, Katrin.1 aSão Paulo (Brazil : State).bPinacoteca do Estado.2 aDaros-Latinamerica (Art Collection)